Statistics for Medical Prefixes and Suffixes

Click here to take the quiz!

General Stats

  • This quiz has been taken 851 times
  • The average score is 30 of 50

Answer Stats

Word PartExampleMeaning% Correct
cardio-๐˜ค๐˜ข๐˜ณ๐˜ฅ๐˜ช๐˜ฐ๐˜ฎ๐˜บ๐˜ฐ๐˜ฑ๐˜ข๐˜ต๐˜ฉ๐˜บHeart
98%
cerebro-๐˜ค๐˜ฆ๐˜ณ๐˜ฆ๐˜ฃ๐˜ฆ๐˜ญ๐˜ญ๐˜ถ๐˜ฎBrain
96%
pneumo-๐˜ฑ๐˜ฏ๐˜ฆ๐˜ถ๐˜ฎ๐˜ฐ๐˜ฏ๐˜ช๐˜ขLung
92%
osteo-๐˜ฐ๐˜ด๐˜ต๐˜ฆ๐˜ฐ๐˜ฑ๐˜ฐ๐˜ณ๐˜ฐ๐˜ด๐˜ช๐˜ดBone
90%
derma-๐˜ฅ๐˜ฆ๐˜ณ๐˜ฎ๐˜ข๐˜ต๐˜ช๐˜ต๐˜ช๐˜ดSkin
90%
rhino-๐˜ณ๐˜ฉ๐˜ช๐˜ฏ๐˜ฐ๐˜ฑ๐˜ญ๐˜ข๐˜ด๐˜ต๐˜บNose
85%
opthalmo-๐˜ฐ๐˜ฑ๐˜ต๐˜ฉ๐˜ข๐˜ญ๐˜ฎ๐˜ฐ๐˜ญ๐˜ฐ๐˜จ๐˜บEyes
84%
gastro-๐˜ด๐˜ต๐˜ฐ๐˜ฎ๐˜ข๐˜ต๐˜ฐ๐˜จ๐˜ข๐˜ด๐˜ต๐˜ณ๐˜ช๐˜คStomach
83%
cranio-๐˜ค๐˜ณ๐˜ข๐˜ฏ๐˜ช๐˜ฐ๐˜ต๐˜ฐ๐˜ฎ๐˜บSkull
82%
ambi-๐˜ข๐˜ฎ๐˜ฃ๐˜ช๐˜ฅ๐˜ฆ๐˜น๐˜ต๐˜ณ๐˜ฐ๐˜ถ๐˜ดBoth, two
80%
necro-๐˜ฏ๐˜ฆ๐˜ค๐˜ณ๐˜ฐ๐˜ด๐˜ช๐˜ดDeath
79%
mammo-๐˜ฎ๐˜ข๐˜ฎ๐˜ฎ๐˜ฐ๐˜จ๐˜ณ๐˜ข๐˜ฑ๐˜ฉ๐˜บBreast
78%
-emia๐˜ฉ๐˜บ๐˜ฑ๐˜ฐ๐˜จ๐˜ญ๐˜บ๐˜ค๐˜ฆ๐˜ฎ๐˜ช๐˜ขPresence in blood
76%
odonto-๐˜ฐ๐˜ณ๐˜ต๐˜ฉ๐˜ฐ๐˜ฅ๐˜ฐ๐˜ฏ๐˜ต๐˜ช๐˜ด๐˜ตTeeth
76%
hyper-๐˜ฉ๐˜บ๐˜ฑ๐˜ฆ๐˜ณ๐˜ค๐˜ข๐˜ญ๐˜ค๐˜ฆ๐˜ฎ๐˜ช๐˜ขHigh, excessive
75%
-logy๐˜ข๐˜ฏ๐˜ฆ๐˜ด๐˜ต๐˜ฉ๐˜ฆ๐˜ด๐˜ช๐˜ฐ๐˜ญ๐˜ฐ๐˜จ๐˜บStudy
75%
neuro-๐˜ฏ๐˜ฆ๐˜ถ๐˜ณ๐˜ฐ๐˜ญ๐˜ฐ๐˜จ๐˜บNervous system
73%
hemi-๐˜ฉ๐˜ฆ๐˜ฎ๐˜ช๐˜ด๐˜ฑ๐˜ฉ๐˜ฆ๐˜ณ๐˜ฆHalf
72%
hypo-๐˜ฉ๐˜บ๐˜ฑ๐˜ฐ๐˜น๐˜ช๐˜ขLow, insufficient
70%
nephro-๐˜ฏ๐˜ฆ๐˜ฑ๐˜ฉ๐˜ณ๐˜ฆ๐˜ค๐˜ต๐˜ฐ๐˜ฎ๐˜บKidney
69%
infra-, sub-๐˜ช๐˜ฏ๐˜ง๐˜ณ๐˜ข๐˜ณ๐˜ฆ๐˜ฏ๐˜ข๐˜ญBelow
68%
gyne-๐˜จ๐˜บ๐˜ฏ๐˜ฆ๐˜ค๐˜ฐ๐˜ญ๐˜ฐ๐˜จ๐˜บWomen
67%
exo-๐˜ฆ๐˜น๐˜ฐ๐˜ด๐˜ฌ๐˜ฆ๐˜ญ๐˜ฆ๐˜ต๐˜ฐ๐˜ฏOutside
66%
arthro-๐˜ข๐˜ณ๐˜ต๐˜ฉ๐˜ณ๐˜ช๐˜ต๐˜ช๐˜ดJoints
65%
hepata-๐˜ฉ๐˜ฆ๐˜ฑ๐˜ข๐˜ต๐˜ฐ๐˜ญ๐˜ฐ๐˜จ๐˜บLiver
64%
-ectomy๐˜ด๐˜ฑ๐˜ญ๐˜ฆ๐˜ฏ๐˜ฆ๐˜ค๐˜ต๐˜ฐ๐˜ฎ๐˜บRemove, excision
61%
lingua-๐˜ด๐˜ถ๐˜ฃ๐˜ญ๐˜ช๐˜ฏ๐˜จ๐˜ถ๐˜ข๐˜ญTongue
61%
endo-๐˜ฆ๐˜ฏ๐˜ฅ๐˜ฐ๐˜ค๐˜ข๐˜ณ๐˜ฅ๐˜ช๐˜ต๐˜ช๐˜ดWithin
60%
-itis๐˜ฃ๐˜ณ๐˜ฐ๐˜ฏ๐˜ค๐˜ฉ๐˜ช๐˜ต๐˜ช๐˜ดInflammation
58%
-oma๐˜ฐ๐˜ด๐˜ต๐˜ฆ๐˜ฐ๐˜ด๐˜ข๐˜ณ๐˜ค๐˜ฐ๐˜ฎ๐˜ขTumor
56%
contra-๐˜ค๐˜ฐ๐˜ฏ๐˜ต๐˜ณ๐˜ข๐˜ค๐˜ฆ๐˜ฑ๐˜ต๐˜ช๐˜ท๐˜ฆAgainst
54%
myo-๐˜ฎ๐˜บ๐˜ฐ๐˜ค๐˜ข๐˜ณ๐˜ฅ๐˜ช๐˜ถ๐˜ฎMuscle
54%
a-, an-๐˜ข๐˜ฑ๐˜ฏ๐˜ฆ๐˜ขNot, without
54%
supra-๐˜ด๐˜ถ๐˜ฑ๐˜ณ๐˜ข๐˜ฑ๐˜ถ๐˜ฃ๐˜ช๐˜คAbove
53%
-pathy๐˜ฐ๐˜ต๐˜ฐ๐˜ฑ๐˜ข๐˜ต๐˜ฉ๐˜บDisease, disorder
50%
tachy-๐˜ต๐˜ข๐˜ค๐˜ฉ๐˜บ๐˜ค๐˜ข๐˜ณ๐˜ฅ๐˜ช๐˜ขFast
50%
-algia๐˜ง๐˜ช๐˜ฃ๐˜ณ๐˜ฐ๐˜ฎ๐˜บ๐˜ข๐˜ญ๐˜จ๐˜ช๐˜ขPain
46%
-pnea๐˜ฅ๐˜บ๐˜ด๐˜ฑ๐˜ฏ๐˜ฆ๐˜ขBreathing
44%
brady-๐˜ฃ๐˜ณ๐˜ข๐˜ฅ๐˜บ๐˜ฌ๐˜ช๐˜ฏ๐˜ฆ๐˜ด๐˜ช๐˜ดSlow
44%
angio-๐˜ข๐˜ฏ๐˜จ๐˜ช๐˜ฐ๐˜จ๐˜ณ๐˜ข๐˜ฎBlood vessel
42%
-metry๐˜ฐ๐˜ฑ๐˜ต๐˜ฐ๐˜ฎ๐˜ฆ๐˜ต๐˜ณ๐˜บMeasure
42%
-otomy๐˜ต๐˜ฉ๐˜ฐ๐˜ณ๐˜ข๐˜ค๐˜ฐ๐˜ต๐˜ฐ๐˜ฎ๐˜บIncision
37%
-phagia๐˜ด๐˜ข๐˜ณ๐˜ค๐˜ฐ๐˜ฑ๐˜ฉ๐˜ข๐˜จ๐˜ช๐˜ขEating, digestion
36%
retro-๐˜ณ๐˜ฆ๐˜ต๐˜ณ๐˜ฐ๐˜ฑ๐˜ฆ๐˜ณ๐˜ช๐˜ต๐˜ฐ๐˜ฏ๐˜ฆ๐˜ข๐˜ญBehind
33%
-philia๐˜ฉ๐˜บ๐˜ฅ๐˜ณ๐˜ฐ๐˜ฑ๐˜ฉ๐˜ช๐˜ญ๐˜ช๐˜คAttraction
31%
-graphy๐˜ข๐˜ฏ๐˜จ๐˜ช๐˜ฐ๐˜จ๐˜ณ๐˜ข๐˜ฑ๐˜ฉ๐˜บRecording, imaging
30%
cholecysto-๐˜ค๐˜ฉ๐˜ฐ๐˜ญ๐˜ฆ๐˜ค๐˜บ๐˜ด๐˜ต๐˜ฆ๐˜ค๐˜ต๐˜ฐ๐˜ฎ๐˜บGall bladder
27%
dys-๐˜ฅ๐˜บ๐˜ด๐˜ฑ๐˜ฆ๐˜ฑ๐˜ด๐˜ช๐˜ขWrong, abnormal
25%
ortho-๐˜ฐ๐˜ณ๐˜ต๐˜ฉ๐˜ฐ๐˜ฑ๐˜ฆ๐˜ฅ๐˜ช๐˜คStraight, correct
17%
-genic๐˜ฐ๐˜ฅ๐˜ฐ๐˜ฏ๐˜ต๐˜ฐ๐˜จ๐˜ฆ๐˜ฏ๐˜ช๐˜คProduced by, origin
16%

Score Distribution

Percentile by Number Answered

Percent of People with Each Score

Your Score History

You have not taken this quiz